Statistics for Biggest City In Each California County

Click here to take the quiz!

General Stats

  • This quiz has been taken 85 times
    (13 since last reset)
  • The average score is 25 of 58

Answer Stats

County City Population % Correct
San FranciscoSan Francisco881,549
100%
San DiegoSan Diego1,423,851
100%
SacramentoSacramento513,624
100%
FresnoFresno531,576
100%
Los AngelesLos Angeles3,979,576
100%
KernBakersfield384,145
92%
Santa ClaraSan Jose1,021,795
92%
San Luis ObispoSan Luis Obispo47,459
92%
RiversideRiverside331,360
92%
AlamedaOakland433,031
83%
San BernardinoSan Bernardino215,784
83%
NapaNapa78,130
83%
OrangeAnaheim350,365
83%
Santa CruzSanta Cruz64,608
75%
MercedMerced83,676
67%
ShastaRedding92,590
58%
VenturaOxnard208,881
58%
HumboldtEureka26,710
58%
MaderaMadera65,860
58%
SutterYuba City67,010
58%
San JoaquinStockton312,697
58%
SonomaSanta Rosa176,753
58%
SolanoVallejo121,692
42%
MontereySalinas155,465
42%
TulareVisalia134,605
42%
ButteChico103,301
42%
PlacerRoseville141,500
33%
ImperialEl Centro44,079
33%
StanislausModesto215,196
33%
San MateoDaly City106,280
33%
SiskiyouYreka7,518
33%
Santa BarbaraSanta Maria107,263
33%
MariposaMariposa2,173
33%
YoloDavis69,413
33%
Del NorteCrescent City6,787
25%
MarinSan Rafael58,440
25%
ColusaColusa6,060
25%
Contra CostaConcord129,295
17%
TehamaRed Bluff14,539
17%
NevadaTruckee16,735
17%
MonoMammoth Lakes8,235
17%
MendocinoUkiah15,995
17%
LassenSusanville15,010
17%
TuolumneSonora4,864
8%
TrinityWeaverville3,600
8%
InyoBishop3,747
8%
AmadorIone8,568
8%
CalaverasRancho Calaveras5,324
8%
San BenitoHollister40,740
8%
El DoradoEl Dorado Hills42,108
8%
PlumasEast Quincy2,489
8%
AlpineMarkleeville210
8%
GlennOrland7,827
8%
ModocAlturas2,563
8%
LakeClearlake15,267
8%
YubaLinda17,773
8%
SierraLoyalton702
0%
KingsHanford57,703
0%

Score Distribution

Percentile by Number Answered

Percent of People with Each Score

Your Score History

You have not taken this quiz since the last reset